Microsoft ASP.NET programming with Microsoft visual C#. NET step by step (Record no. 119623)

MARC details
000 -LEADER
fixed length control field 00394nam a2200145Ia 4500
008 - FIXED-LENGTH DATA ELEMENTS--GENERAL INFORMATION
fixed length control field 230917s9999||||xx |||||||||||||| ||und||
040 ## - CATALOGING SOURCE
-- 105286
Original cataloging agency VIVEKANANDA LIBRARY
041 ## - Language
-- English
082 ## - DDC NUMBER
Classification number 005.133 D952M
100 ## - MAIN ENTRY--PERSONAL NAME
Personal name Duthie, G Andrew
245 #0 - TITLE STATEMENT
Title Microsoft ASP.NET programming with Microsoft visual C#. NET step by step
260 ## - PUBLICATION, DISTRIBUTION, ETC. (IMPRINT)
Place of publication, distribution, etc New Delhi
Name of publisher, distributor, etc PHI
Date of publication, distribution, etc 2003
300 ## - PHYSICAL DESCRIPTION
Pages 601 p.
942 ## - ADDED ENTRY ELEMENTS (KOHA)
Koha item type Books
Holdings
Withdrawn status Lost status Damaged status Not for loan Location (home branch) Sublocation or collection (holding branch) Shelving location Date acquired Koha issues (times borrowed) Koha full call number Accession No. Koha date last seen Koha item type
        VIVEKANANDA LIBRARY VIVEKANANDA LIBRARY UIET Library 08/02/2005   005.133 D952M 211949 17/09/2023 Books
© Designed and Maintained by Vivekananda Library, MDU Rohtak